|
|
|
|
| LEADER |
02528nam a22003974a 4500 |
| 001 |
EBC200462 |
| 003 |
MiAaPQ |
| 005 |
20200520144314.0 |
| 006 |
m o d | |
| 007 |
cr cn||||||||| |
| 008 |
040330s2004 nyu sb 001 0 eng |
| 010 |
|
|
|z 2004007290
|
| 015 |
|
|
|a GBA3W5532
|2 bnb
|
| 016 |
7 |
|
|z 010980943
|2 Uk
|
| 020 |
|
|
|z 0415321468
|
| 035 |
|
|
|a (MiAaPQ)EBC200462
|
| 035 |
|
|
|a (Au-PeEL)EBL200462
|
| 035 |
|
|
|a (CaPaEBR)ebr10094479
|
| 035 |
|
|
|a (CaONFJC)MIL6285
|
| 035 |
|
|
|a (OCoLC)60803157
|
| 040 |
|
|
|a MiAaPQ
|c MiAaPQ
|d MiAaPQ
|
| 050 |
|
4 |
|a TS155
|b .F22 2004
|
| 082 |
0 |
4 |
|a 658.2
|2 22
|
| 084 |
|
|
|a 85.05
|2 bcl
|
| 245 |
0 |
0 |
|a Facilities management
|h [electronic resource] :
|b innovation and performance /
|c edited by Keith Alexander ... [et al.].
|
| 250 |
|
|
|a 1st ed.
|
| 260 |
|
|
|a New York :
|b Spon Press,
|c 2004.
|
| 300 |
|
|
|a x, 165 p.
|
| 504 |
|
|
|a Includes bibliographical references and index.
|
| 505 |
0 |
|
|a Organisational change and learning : an introduction / Keith Alexander -- Space place and people : facilities management and critical theory / Bob Grimshaw -- Organisational change, representations and facilities / Michael Fenker -- Space use among growth companies : linking the theories / Jan Brochner and Paul Dettwiler -- Innovation and the innovative workplace : an introduction / Brian Atkin -- Why do real estate actors weight adaptability differently for office buildings? / Kirsten Arge -- Towards a more sustainable industrial workplace / John Hudson -- The emergence of supply chain management as a strategic facilities management tool / Margaret-Mary Nelson -- Performance : an introduction / Jan Brochner -- Business-related performance measures for facilities management / John Hinks -- Developing balanced scorecards for facilities management / Dilanthi Amaratunga and David Baldry -- Towards knowledge workplaces : an introduction / Tore I. Haugen -- The knowledge workplace : what really matters / Linariza Haron -- Towards typologies of knowledge work and workplaces / Reidar Gjersvik and Siri H. Blakstad -- Appendix : A European workplace knowledge network / Keith Alexander.
|
| 533 |
|
|
|a Electronic reproduction. Ann Arbor, MI : ProQuest, 2015. Available via World Wide Web. Access may be limited to ProQuest affiliated libraries.
|
| 650 |
|
0 |
|a Facility management.
|
| 655 |
|
4 |
|a Electronic books.
|
| 700 |
1 |
|
|a Alexander, Keith.
|
| 710 |
2 |
|
|a ProQuest (Firm)
|
| 856 |
4 |
0 |
|u https://ebookcentral.proquest.com/lib/matrademy/detail.action?docID=200462
|z Click to View
|